Statistiche per Matematica veloce - radici quadrate

Clicka qui per fare il quiz!

Statistiche generali

  • Questo quiz è stato fatto 523 volte
  • Il punteggio medio è 12 su 20

Statistiche sulle risposte

problemarisposta% Corretto
160040
97%
93
95%
497
95%
366
94%
255
92%
164
89%
648
89%
42
88%
11
87%
22515
86%
12111
84%
14412
84%
10010
83%
819
83%
16913
80%
90030
79%
25616
76%
40020
75%
62525
73%
360060
73%
28917
68%
19614
67%
32418
67%
48422
67%
72927
66%
202545
66%
250050
66%
36119
64%
108933
63%
57624
62%
44121
57%
52923
56%
230448
53%
102432
52%
168141
51%
67626
50%
78428
50%
122535
50%
240149
48%
84129
47%
220947
45%
136937
42%
211646
42%
96131
41%
144438
41%
152139
41%
176442
41%
129636
39%
302555
39%
115634
38%
280953
38%
260151
34%
291654
30%
193644
28%
313656
28%
324957
28%
348159
26%
270452
24%
184943
22%
336458
13%

Distribuzione punteggi

Percentile per numero di risposta

Percentuale di utenti per punteggio

I tuoi punteggi nel tempo

Non hai fatto questo quiz